000 00864nam a2200301 a 4500
001 000042767
003 DO-SdBNP
005 20240530073922.0
007 ta
008 140207s 2011 dr 000 f spa d
020 _a9789945475005
040 _aDO-SdBNP
_bspa
_cBNPHU
082 4 _aBNPHU RD863.5
_bP592p
100 1 _aPichardo, Náyila
_964141
245 1 0 _aPsique /
_cNáyila Pichardo.
260 _aSanto Domingo :
_bNacional,
_c2011.
300 _a91 p. ;
_c23 cm.
490 1 _aUltramar
490 1 _aJovenes autores
500 _aIncluye datos biográficos del autor en la solapa de la cubierta
590 _aInventariado, 2021/BT
650 1 0 _aNovela dominicana
_9223
650 1 0 _aLiteratura dominicana.
_967
830 0 _aUltramar
_91892
830 0 _aJovenes autores
_926579
910 _aValidado. Control de calidad MFF
942 _2ddc
_cLBS1
999 _c42256
_d42256